000
00303nam a22001217a 4500
040
_c
HS
082
_a
634
100
_a
សេង លឹមហុង
245
_a
រុក្ខវប្បកម្ម sivilculture
260
_a
RUA
_b
សេង លឹមហុង
_c
2008
300
_a
117p;
942
_c
KB
999
_c
9155
_d
9155